LIBRARY & INFORMATION CENTRE, KCAET, TAVANUR

ONLINE PUBLIC ACCESS CATALOGUE (OPAC)

Essentials of exercise physiology / (Record no. 4756)

MARC details
000 -LEADER
fixed length control field 00396cam a2200157ua 4500
003 - CONTROL NUMBER IDENTIFIER
control field OSt
008 - FIXED-LENGTH DATA ELEMENTS--GENERAL INFORMATION
fixed length control field 240321b |||||||| |||| 00| 0 eng d
041 ## - LANGUAGE CODE
Language code of text/sound track or separate title eng
082 ## - DEWEY DECIMAL CLASSIFICATION NUMBER
Classification number 796.076
Item number SHA/ES
100 ## - MAIN ENTRY--AUTHOR NAME
Personal name Shaver, Lorry G .
245 ## - TITLE STATEMENT
Title Essentials of exercise physiology /
260 ## - PUBLICATION, DISTRIBUTION, ETC. (IMPRINT)
Place of publication Delhi :
Name of publisher Surjeet publications ,
Year of publication 1982.
300 ## - PHYSICAL DESCRIPTION
Number of Pages 310 ; .
500 ## - GENERAL NOTE
General note **Reference
942 ## - ADDED ENTRY ELEMENTS (KOHA)
Koha item type Books
Holdings
Withdrawn status Lost status Damaged status Home library Current library Date acquired Full call number Accession Number Koha item type
      KAUAET KAUAET 01/09/1986 796.076 SHA/ES 15524 Books
free website counter